000 00592nam a2200241Ia 4500
003 OSt
005 20221005133115.0
006 a|||||r|||| 00| 0
007 ta
008 221004b |||||||| |||| 00| 0 kan d
024 _a61552
037 _cTextual
040 _aCRL
_cCRL
_bkan
041 _2kan
_akan
082 _aO33,3NNA6,4, M1
100 _aNarayana Au.
_9220570
245 0 _aVikasa
260 _c1981
650 _a KANNAD LITERATURE
650 _aKANNAD FICTION
942 _hO33,3NNA6,4, M1
_cTEXL
_2cc
999 _c1065756
_d1065756